Statistics for Countries with the Highest Elevation with Exceptions

Click here to take the quiz!

General Stats

  • This quiz has been taken 19,373 times
  • The average score is 16 of 20

Answer Stats

MetersCountryFeet% Correct
6191United States20,322
98%
5959Canada19,551
97%
6893Chile22,615
95%
6960Argentina22,835
94%
6768Peru22,205
93%
4634Switzerland15,203
91%
4810France15,781
91%
5636Mexico18,491
90%
4810Italy15,781
88%
5642Russia18,510
87%
6542Bolivia21,463
87%
5700Colombia18,701
86%
6267Ecuador20,561
83%
5892Tanzania19,331
81%
5199Kenya17,057
81%
4978Venezuela16,332
77%
5109D.R. Congo16,762
64%
5109Uganda16,762
56%
4550Ethiopia14,928
56%
4509Papua New Guinea14,793
22%

Score Distribution

Percentile by Number Answered

Percent of People with Each Score

Your Score History

You have not taken this quiz